Educational Status of Scheduled Tribes on Gujarat (Record no. 26392)
[ view plain ]
| 000 -LEADER | |
|---|---|
| fixed length control field | 00518nam a22001457a 4500 |
| 082 ## - DEWEY DECIMAL CLASSIFICATION NUMBER | |
| Classification number | RP.0304 |
| 100 ## - MAIN ENTRY--AUTHOR NAME | |
| Personal name | Patel, J.C. |
| Affiliation | Department of Sociology,Gujarat University |
| Place | Gujarat |
| 245 ## - TITLE STATEMENT | |
| Title | Educational Status of Scheduled Tribes on Gujarat |
| Sub Title | Attainment and challenges |
| 260 ## - PUBLICATION, DISTRIBUTION, ETC. (IMPRINT) | |
| Place of publication | Gujarat |
| Year of publication | 2014 |
| 300 ## - PHYSICAL DESCRIPTION | |
| Number of Pages | 244p. |
| 504 ## - BIBLIOGRAPHY, ETC. NOTE | |
| Bibliography, etc | Include References |
| 536 ## - FUNDING INFORMATION NOTE | |
| Funding Agency | Indian Council of Social Science Research.New Delhi |
| 650 ## - SUBJECT ADDED ENTRY--TOPICAL TERM | |
| Topical Term | Education |
| Form subdivision | Educational Attainment |
| -- | Scheduled Tribes |
| Geographic subdivision | gujarat |
| -- | India |
| 942 ## - ADDED ENTRY ELEMENTS (KOHA) | |
| Source of classification or shelving scheme | Dewey Decimal Classification |
| Koha item type | Research Reports |
| Withdrawn status | Lost status | Damaged status | Not for loan | Collection code | Home library | Current library | Date acquired | Source of acquisition | Full call number | Accession Number | Price effective from | Koha item type |
|---|---|---|---|---|---|---|---|---|---|---|---|---|
| Not For Loan | Minor Research project Reports | NASSDOC Library | NASSDOC Library | 18/12/2020 | Gifted by: RP Division | RP.0304 | 51076 | 11/01/2021 | Research Reports |
